Animés et leurs studios d'animation - Statistiques

Statistiques générales
  • Ce quiz a été pris 68 fois
    62 depuis la dernière actualisation
  • Le résultat moyen est 9 sur 45
Statistiques - réponses
Animés Studios d'animation % Correct
Jujutsu Kaisen MAPPA
86%
Demon Slayer ufotable
80%
Dragon Ball Z Toei Animation
70%
My Hero Academia Bones
58%
Death Note Madhouse
52%
Naruto Studio Pierrot
52%
Sword Art Online A-1 Pictures
48%
Cyberpunk : Edgerunners Trigger
36%
Seraph Of The End Wit Studio
36%
Fire Force David Production
32%
Beastars Orange
28%
Food Wars! J.C. Staff
26%
Pokémon OLM
24%
Horimiya CloverWorks
22%
Tokyo Revengers Liden Films
20%
Kuroko's Basket Production I.G
20%
L'Attaque Des Titans Wit Studio, MAPPA
20%
Code Geass SUNRISE
16%
Moi, Quand Je Me Réincarne En Slime 8-Bit
14%
Samurai Champloo Manglobe
14%
Dr. Stone TMS Entertainment
14%
Spy x Family CloverWorks, Wit Studio
10%
One-Punch Man Madhouse, J.C. Staff
10%
Mieruko-chan Passione
10%
Another P.A.Works
10%
To Your Eternity Brains Base
8%
Danganronpa Lerche
8%
Gleipnir PINE JAM
8%
Grand Blue Zero-G
8%
Hinomaru Sumo Gonzo
6%
Masamune-kun No Revenge SILVER LINK.
6%
Vampire Knight Studio DEEN
6%
Tower Of God Telecom Animation Film
6%
School Days TNK
6%
Bloom Into You TROYCA
6%
Shaman King (2001) XEBEC
6%
Elfen Lied ARMS
4%
Dororo (2019) MAPPA, Tezuka Productions
4%
Golden Kamui Geno Studio, Brains Base, IKIF+ (3D)
2%
Gantz Gonzo, Digital Frontier (Film)
2%
Black Lagoon Madhouse, Orange (3D)
2%
Deadman Wonderland Manglobe, SANZIGEN Animation Studio (3D)
2%
Kingdom Studio Pierrot, Studio Signpost
2%
Cowboy Bebop SUNRISE, Bones (Film), Satelight (3D)
2%
Arrête De Me Chauffer, Nagatoro Telecom Animation Film, OLM
2%
Aucun quiz correspondant
Distribution des résultats
% des personnes avec chaque résultat
Percentile par nombre de réponses
Votre historique - résultats
Vous n’avez pas pris ce quiz depuis la dernière actualisation